Совершенствование технических средств для гравийной обсыпки (гравий-гильза) прифильтровой зоны технологических скважин; Проблемы геологии и освоения недр; Т. 2

Xehetasun bibliografikoak
Parent link:Проблемы геологии и освоения недр: труды XX Международного симпозиума имени академика М. А. Усова студентов и молодых ученых, посвященного 120-летию со дня основания Томского политехнического университета, Томск, 4-8 апреля 2016 г./ Национальный исследовательский Томский политехнический университет (ТПУ), Институт природных ресурсов (ИПР) ; Общество инженеров-нефтяников, международная некоммерческая организация, Студенческий чаптер ; под ред. А. Ю. Дмитриева.— , 2016
Т. 2.— 2016.— [С. 703-704]
Egile nagusia: Бер А. А. Александр Андреевич
Egile korporatiboa: Национальный исследовательский Томский политехнический университет (ТПУ) Институт природных ресурсов (ИПР) Кафедра бурения скважин (БС), Национальный исследовательский Томский политехнический университет (ТПУ) Физико-технический институт (ФТИ) Кафедра высшей математики и математической физики (ВММФ)
Beste egile batzuk: Бер Л. М. Людмила Михайловна (научный руководитель), Исаев Е. Д. Евгений Дмитриевич, Минаев К. М. Константин Мадестович
Gaia:Заглавие с экрана
Hizkuntza:errusiera
Argitaratua: 2016
Saila:Современные техника и технологии бурения скважин
Gaiak:
Sarrera elektronikoa:http://earchive.tpu.ru/handle/11683/32077
Formatua: MixedMaterials Baliabide elektronikoa Liburu kapitulua
KOHA link:https://koha.lib.tpu.ru/cgi-bin/koha/opac-detail.pl?biblionumber=620075

MARC

LEADER 00000naa2a2200000 4500
001 620075
005 20240109160253.0
035 |a (RuTPU)RU\TPU\conf\18544 
035 |a RU\TPU\conf\18542 
090 |a 620075 
100 |a 20160916d2016 k y0rusy50 ca 
101 0 |a rus 
102 |a RU 
105 |a y z 100zy 
135 |a drgn ---uucaa 
181 0 |a i  
182 0 |a b 
200 1 |a Совершенствование технических средств для гравийной обсыпки (гравий-гильза) прифильтровой зоны технологических скважин  |f А. А. Бер, Л. М. Бер, Е. Д. Исаев  |g науч. рук. К. М. Минаев 
203 |a Текст  |c электронный 
225 1 |a Современные техника и технологии бурения скважин 
300 |a Заглавие с экрана 
320 |a [Библиогр.: с. 704 (4 назв.)] 
461 1 |0 (RuTPU)RU\TPU\conf\17456  |t Проблемы геологии и освоения недр  |o труды XX Международного симпозиума имени академика М. А. Усова студентов и молодых ученых, посвященного 120-летию со дня основания Томского политехнического университета, Томск, 4-8 апреля 2016 г.  |o в 2 т.  |f Национальный исследовательский Томский политехнический университет (ТПУ), Институт природных ресурсов (ИПР) ; Общество инженеров-нефтяников, международная некоммерческая организация, Студенческий чаптер ; под ред. А. Ю. Дмитриева  |d 2016 
463 1 |0 (RuTPU)RU\TPU\conf\17458  |t Т. 2  |v [С. 703-704]  |d 2016 
610 1 |a труды учёных ТПУ 
610 1 |a электронный ресурс 
610 1 |a технические средства 
610 1 |a гравий 
610 1 |a технологические скважины 
610 1 |a скважинное выщелачивание 
610 1 |a гравийные фильтры 
700 1 |a Бер  |b А. А.  |c специалист в области нефтепромыслового оборудования  |c старший преподаватель Томского политехнического университета  |f 1960-  |g Александр Андреевич  |3 (RuTPU)RU\TPU\pers\35538  |9 18720 
701 1 |a Бер  |b Л. М.  |c математик  |c доцент Томского политехнического университета, кандидат физико-математических наук  |f 1962-  |g Людмила Михайловна  |3 (RuTPU)RU\TPU\pers\28055  |9 13017 
701 1 |a Исаев  |b Е. Д.  |c специалист в области нефтепромыслового оборудования  |c лаборант Томского политехнического университета  |f 1994-  |g Евгений Дмитриевич  |3 (RuTPU)RU\TPU\pers\32765 
702 1 |a Минаев  |b К. М.  |c специалист в области нефтегазового дела  |c доцент Томского политехнического университета, кандидат химических наук  |f 1982-  |g Константин Мадестович  |4 727 
712 0 2 |a Национальный исследовательский Томский политехнический университет (ТПУ)  |b Институт природных ресурсов (ИПР)  |b Кафедра бурения скважин (БС)  |3 (RuTPU)RU\TPU\col\18666 
712 0 2 |a Национальный исследовательский Томский политехнический университет (ТПУ)  |b Физико-технический институт (ФТИ)  |b Кафедра высшей математики и математической физики (ВММФ)  |3 (RuTPU)RU\TPU\col\18727 
801 2 |a RU  |b 63413507  |c 20160929  |g RCR 
856 4 |u http://earchive.tpu.ru/handle/11683/32077 
942 |c BK